000 00447cam a22001217a 4500
008 180718b1983 xxu||||| |||| 00| 0 eng d
082 _aT12301x54 T482
245 _aNational seminar on price controls in the Indian economy (4th and 5th March 1983): a resume
_cby The Times Research Foundation
260 _aPune
_bTimes Research Foundation
_c1983
300 _a74p.
650 _aPrices - Regulation - India
700 _aThe Times Research Foundation
999 _c477666
_d477666